[Event "Maastricht Limburg op 14th"]
[Site "Maastricht"]
[Date "2022.06.05"]
[Round "5"]
[White "Kopylov, Daniel"]
[Black "Roorda, Thijs"]
[Result "1-0"]
[WhiteElo "2326"]
[BlackElo "2104"]
[PlyCount "92"]
[EventDate "2022.06.03"]
[EventType "swiss"]
[EventRounds "7"]
[EventCountry "NED"]
[SourceTitle "CBM 208 Extra"]
[Source "ChessBase"]
[SourceDate "2022.07.31"]
[SourceVersion "1"]
[SourceVersionDate "2022.07.31"]
[SourceQuality "1"]

1. e4 e6 2. d4 d5 3. e5 c5 4. c3 Nc6 5. Nf3 Qb6 6. Na3 cxd4 7. cxd4 Bd7 8. Nc2 Rc8 9. Be2 Bb4+ 10. Kf1 Na5 11. g3 Ba4 12. b3 Bb5 13. Kg2 Nc6 14. Bxb5 Qxb5 15. a4 Qb6 16. Qd3 Nge7 17. Nxb4 Nxb4 18. Qb5+ Nec6 19. Bd2 0-0 20. Rhc1 Na6 21. b4 Ncxb4 22. Rxc8 Rxc8 23. Rc1 Rc6 24. Rb1 Nc2 25. Ba5 Nxd4 26. Qxb6 axb6 27. Nxd4 Rc4 28. Bxb6 Rxa4 29. Rc1 f6 30. exf6 e5 31. Rc8+ Kf7 32. fxg7 Kxg7 33. Ne6+ Kf6 34. Nc5 Nxc5 35. Rxc5 Ra6 36. Bd8+ Ke6 37. Rc7 Rd6 38. Re7+ Kf6 39. Rd7+ Ke6 40. Rxd6+ Kxd6 41. Kf3 b5 42. Ke3 Kc5 43. f4 d4+ 44. Kd3 Kd5 45. fxe5 Kxe5 46. Bb6 Kf5 1-0

[Event "Maastricht Limburg op 14th"]
[Site "Maastricht"]
[Date "2022.06.04"]
[Round "3"]
[White "Van Dael, Siem"]
[Black "Roorda, Thijs"]
[Result "1-0"]
[WhiteElo "2317"]
[BlackElo "2104"]
[PlyCount "26"]
[EventDate "2022.06.03"]
[EventType "swiss"]
[EventRounds "7"]
[EventCountry "NED"]
[SourceTitle "CBM 208 Extra"]
[Source "ChessBase"]
[SourceDate "2022.07.31"]
[SourceVersion "1"]
[SourceVersionDate "2022.07.31"]
[SourceQuality "1"]

1. e4 e6 2. d4 d5 3. Nc3 Nf6 4. Bg5 dxe4 5. Nxe4 Be7 6. Bxf6 gxf6 7. Nf3 f5 8. Nc3 Bf6 9. Qd2 c6 10. 0-0-0 Nd7 11. h3 h5 12. Kb1 Nb6 13. Bd3 Bg7 1-0

[Event "Leiden Noteboom op 80th"]
[Site "Leiden"]
[Date "2020.02.29"]
[Round "2"]
[White "Pijpers, Arthur"]
[Black "Roorda, Thijs"]
[Result "1-0"]
[WhiteElo "2470"]
[BlackElo "2112"]
[PlyCount "41"]
[EventDate "2020.02.28"]
[EventType "swiss"]
[EventRounds "6"]
[EventCountry "NED"]
[SourceTitle "CBM 195 Extra"]
[Source "ChessBase"]
[SourceDate "2020.05.31"]
[SourceVersion "1"]
[SourceVersionDate "2020.05.31"]
[SourceQuality "1"]

1. e4 Nf6 2. e5 Nd5 3. d4 Nb6 4. Nf3 d5 5. Bd3 Bg4 6. Nbd2 e6 7. h3 Bh5 8. Nb3 N8d7 9. 0-0 Be7 10. Be3 f6 11. exf6 Bxf6 12. g4 Bf7 13. c3 g5 14. Na5 Rb8 15. Qd2 h6 16. Rae1 c6 17. h4 Qc7 18. Kg2 h5 19. Nxg5 Bxg5 20. hxg5 hxg4 21. Bf4 1-0

[Event "Leiden SB-ch 1920"]
[Site "Leiden"]
[Date "2019.11.08"]
[Round "1"]
[White "Hubert, Michel1"]
[Black "Roorda, Thijs"]
[Result "0-1"]
[WhiteElo "1840"]
[BlackElo "2108"]
[PlyCount "70"]
[EventDate "2019.11.08"]
[EventType "swiss"]
[EventRounds "7"]
[EventCountry "NED"]
[SourceTitle "EXT 2023"]
[Source "ChessBase"]
[SourceDate "2022.10.05"]
[SourceVersion "1"]
[SourceVersionDate "2022.10.05"]
[SourceQuality "1"]

1. d4 e6 2. c4 f5 3. g3 Nf6 4. Bg2 Be7 5. Nf3 0-0 6. 0-0 d6 7. Nc3 Ne4 8. Bd2 Nc6 9. Qc2 d5 10. cxd5 exd5 11. Bf4 Be6 12. Rfd1 Rc8 13. Ne5 Qe8 14. f3 Nd6 15. e4 dxe4 16. fxe4 Nxe5 17. Bxe5 Nc4 18. exf5 Ne3 19. Qd3 Nxd1 20. fxe6 Nxc3 21. bxc3 c6 22. c4 Qh5 23. Re1 Bf6 24. Bxf6 Rxf6 25. d5 Re8 26. d6 Qa5 27. Re2 Rfxe6 28. Rxe6 Rxe6 29. d7 Qd8 30. Bh3 Rf6 31. c5 Rf8 32. Qb3+ Kh8 33. Qe6 Qg5 34. Qe8 Qc1+ 35. Kg2 Qf1# 0-1

[Event "Leiden op-A 13th"]
[Site "Leiden"]
[Date "2019.07.21"]
[Round "9"]
[White "Ikonnikov, Vyacheslav"]
[Black "Roorda, Thijs"]
[Result "1/2-1/2"]
[WhiteElo "2499"]
[BlackElo "2108"]
[PlyCount "109"]
[EventDate "2019.07.12"]
[EventType "swiss"]
[EventRounds "9"]
[EventCountry "NED"]
[SourceTitle "EXT 2020"]
[Source "ChessBase"]
[SourceDate "2019.10.17"]
[SourceVersion "1"]
[SourceVersionDate "2019.10.17"]
[SourceQuality "1"]

1. d4 e6 2. c4 f5 3. g3 Nf6 4. Bg2 Be7 5. Nf3 0-0 6. 0-0 d6 7. Nc3 Ne4 8. Nxe4 fxe4 9. Nd2 d5 10. f3 dxc4 11. Nxe4 Nd7 12. Be3 b5 13. a4 b4 14. Bf2 a5 15. Qc2 Nb6 16. f4 Rb8 17. Nc5 Qe8 18. b3 c3 19. Qd3 c6 20. Be4 g6 21. h4 Nd5 22. h5 gxh5 23. Bxh7+ Kh8 24. Bg6 Nxf4 25. Bxe8 Nxd3 26. Bxc6 Nxf2 27. Rxf2 Rxf2 28. Kxf2 Bxc5 29. dxc5 Bb7 30. Bxb7 Rxb7 31. Rh1 Kg7 32. Ke3 Rd7 33. Rh4 Kf6 34. Rc4 Ke5 35. c6 Rc7 36. Rc5+ Kd6 37. Rxh5 Rxc6 38. Rh1 c2 39. Kd2 Rc3 40. g4 Ke7 41. g5 Kf7 42. Kc1 Rxb3 43. Kxc2 Ra3 44. Rh7+ Kg6 45. Rh6+ Kxg5 46. Rxe6 Rxa4 47. Re3 Ra2+ 48. Kb1 Rd2 49. Re5+ Kf4 50. Rxa5 Rxe2 51. Rb5 Re4 52. Kb2 Ke3 53. Kb3 Ke2 54. Rxb4 Rxb4+ 55. Kxb4 1/2-1/2

[Event "Leiden op-A 13th"]
[Site "Leiden"]
[Date "2019.07.17"]
[Round "5"]
[White "Lai, Hing Ting"]
[Black "Roorda, Thijs"]
[Result "1/2-1/2"]
[WhiteElo "2460"]
[BlackElo "2108"]
[PlyCount "90"]
[EventDate "2019.07.12"]
[EventType "swiss"]
[EventRounds "9"]
[EventCountry "NED"]
[SourceTitle "EXT 2020"]
[Source "ChessBase"]
[SourceDate "2019.10.17"]
[SourceVersion "1"]
[SourceVersionDate "2019.10.17"]
[SourceQuality "1"]

1. Nf3 f5 2. d3 d6 3. e4 e5 4. Nc3 Nf6 5. exf5 Bxf5 6. d4 e4 7. Nh4 Qd7 8. Bg5 Be7 9. Bxf6 Bxf6 10. Nxf5 Qxf5 11. g4 Qa5 12. g5 Bxg5 13. Bb5+ Kd8 14. Qg4 Bf6 15. Qxe4 a6 16. Ba4 c6 17. 0-0-0 Nd7 18. Qe6 Kc7 19. h4 Rae8 20. Qg4 h5 21. Qg6 Re7 22. Kb1 Nf8 23. Qg3 Qf5 24. Bb3 Ng6 25. f3 Re3 26. Rhg1 Nxh4 27. Ne4 Rd8 28. Nxf6 Qxf6 29. Qxg7+ Qxg7 30. Rxg7+ Rd7 31. Rxd7+ Kxd7 32. Bf7 Nf5 33. Bxh5 Nxd4 34. Rg1 Nxf3 35. Bxf3 Rxf3 36. Rg7+ Ke6 37. b3 Rf7 38. Rg8 d5 39. Kb2 Kd6 40. Rg6+ Kc5 41. Rg5 a5 42. a4 Re7 43. Rh5 b5 44. axb5 cxb5 45. Rh8 Rd7 1/2-1/2

[Event "Leiden Noteboom Memorial 79th"]
[Site "Leiden"]
[Date "2019.02.23"]
[Round "3"]
[White "Roorda, Thijs"]
[Black "Cheung, Jan W"]
[Result "1-0"]
[WhiteElo "2110"]
[BlackElo "2015"]
[PlyCount "59"]
[EventDate "2019.02.22"]
[EventType "swiss"]
[EventRounds "6"]
[EventCountry "NED"]
[SourceTitle "CBM 189 Extra"]
[Source "ChessBase"]
[SourceDate "2019.05.31"]
[SourceVersion "1"]
[SourceVersionDate "2019.05.31"]
[SourceQuality "1"]

1. e4 c5 2. Nf3 d6 3. d4 cxd4 4. Nxd4 Nf6 5. Nc3 Nc6 6. Bc4 e6 7. Be3 Be7 8. Qe2 a6 9. 0-0-0 Qc7 10. g4 Na5 11. Bd3 b5 12. g5 Nd7 13. f4 b4 14. Nb1 Nc5 15. Nd2 Nxd3+ 16. Qxd3 Bd7 17. Kb1 0-0 18. f5 Bb5 19. Nxb5 axb5 20. f6 gxf6 21. gxf6 Bxf6 22. Bh6 Nc4 23. Nxc4 bxc4 24. Qg3+ Kh8 25. Bxf8 Qa7 26. a3 Bxb2 27. Bxd6 Bc3 28. Be5+ Bxe5 29. Qxe5+ Kg8 30. Rhg1+ 1-0

[Event "Leiden op-A 12th"]
[Site "Leiden"]
[Date "2018.07.14"]
[Round "2"]
[White "Viani, Antonio Dcunha"]
[Black "Roorda, Thijs"]
[Result "1-0"]
[WhiteElo "2404"]
[BlackElo "2109"]
[PlyCount "61"]
[EventDate "2018.07.13"]
[EventType "swiss"]
[EventRounds "9"]
[EventCountry "NED"]
[SourceTitle "CBM 185 Extra"]
[Source "ChessBase"]
[SourceDate "2018.07.29"]
[SourceVersion "1"]
[SourceVersionDate "2018.07.29"]
[SourceQuality "1"]

1. e4 e6 2. d3 b6 3. g3 Bb7 4. Bg2 g6 5. Nc3 Bg7 6. Nf3 Ne7 7. Bf4 d6 8. d4 Qd7 9. Qe2 Nbc6 10. 0-0-0 0-0-0 11. h4 h6 12. Rhe1 Rde8 13. Qd2 Kb8 14. Bf1 a6 15. a3 d5 16. exd5 exd5 17. Bg2 Nf5 18. Bh3 Bc8 19. Ne5 Nxe5 20. dxe5 d4 21. Ne2 Bxe5 22. Bxe5 Rxe5 23. Nxd4 Rxe1 24. Qxe1 Re8 25. Qh1 Bb7 26. Nxf5 Qc8 27. Ne3 Bxh1 28. Bxc8 Bf3 29. Bd7 Rd8 30. Rd2 f5 31. Be6 1-0

[Event "Dieren op"]
[Site "Dieren"]
[Date "2017.07.26"]
[Round "2"]
[White "Mesman, Edwyn"]
[Black "Roorda, Thijs"]
[Result "1-0"]
[WhiteElo "2230"]
[BlackElo "2115"]
[PlyCount "109"]
[EventDate "2017.07.25"]
[EventType "swiss"]
[EventRounds "9"]
[EventCountry "NED"]
[SourceTitle "CBM 179 Extra"]
[Source "ChessBase"]
[SourceDate "2017.08.23"]
[SourceVersion "1"]
[SourceVersionDate "2017.08.23"]
[SourceQuality "1"]

1. d4 e6 2. c4 f5 3. Nf3 Nf6 4. g3 Be7 5. Bg2 0-0 6. 0-0 d6 7. b4 c6 8. a4 Qe8 9. Nbd2 Qh5 10. c5 d5 11. Nb3 Ne4 12. Bb2 Rf6 13. Nc1 g5 14. Nd3 Nd7 15. h4 h6 16. Bc1 Rf7 17. Nfe5 Nxe5 18. Nxe5 Nc3 19. Bf3 g4 20. Qc2 gxf3 21. exf3 Rg7 22. Qxc3 Bf6 23. Qe3 Kh7 24. Kg2 Bxe5 25. Qxe5 Bd7 26. Bf4 a6 27. Rae1 Rag8 28. Qd6 Bc8 29. Rb1 Rg6 30. Be5 Re8 31. Qc7+ Kg8 32. b5 cxb5 33. axb5 Qxh4 34. c6 Qe7 35. Qb6 axb5 36. c7 Qd7 37. Rxb5 Kh7 38. Qc5 Rgg8 39. Ra1 Rgf8 40. Rb6 Rg8 41. Rd6 Qe7 42. Rh1 Qf8 43. Bf4 Rg6 44. Qc1 Kg8 45. Rb6 Kh7 46. Rh2 Qf6 47. Qd2 Re7 48. Be5 Qf7 49. Rb1 Rxc7 50. Rbh1 f4 51. Bxf4 e5 52. Rxh6+ Rxh6 53. Rxh6+ Kg8 54. Bxe5 Bg4 55. Rh8# 1-0

[Event "Leiden Noteboom Memorial 77th"]
[Site "Leiden"]
[Date "2017.02.24"]
[Round "1"]
[White "Spoelman, Wouter"]
[Black "Roorda, Thijs"]
[Result "0-1"]
[WhiteElo "2584"]
[BlackElo "2097"]
[PlyCount "100"]
[EventDate "2017.02.24"]
[EventType "swiss"]
[EventRounds "6"]
[EventCountry "NED"]
[SourceTitle "CBM 177 Extra"]
[Source "ChessBase"]
[SourceDate "2017.04.27"]
[SourceVersion "1"]
[SourceVersionDate "2017.04.27"]
[SourceQuality "1"]

1. c4 e6 2. Nc3 f5 3. g3 Nf6 4. Bg2 Be7 5. e3 0-0 6. Nge2 d6 7. 0-0 c6 8. b3 Qe8 9. Bb2 e5 10. f4 Na6 11. d3 Qh5 12. Qd2 Nc7 13. Nd1 Ne6 14. Nf2 exf4 15. gxf4 Qh6 16. Ng3 Nh5 17. Bf3 Nxg3 18. hxg3 Bf6 19. Kg2 Bxb2 20. Qxb2 Qf6 21. Qxf6 Rxf6 22. g4 Nc5 23. d4 fxg4 24. Bxg4 Na6 25. Kf3 Be6 26. e4 Nc7 27. f5 Re8 28. Kg3 Bc8 29. Rae1 Rf7 30. Bh5 g6 31. Ng4 gxh5 32. Nh6+ Kg7 33. Nxf7 Kxf7 34. Kf4 Rg8 35. Rg1 Rxg1 36. Rxg1 Ne8 37. c5 d5 38. e5 Ng7 39. f6 Nf5 40. Kg5 h4 41. Rh1 Nxd4 42. Kxh4 Bf5 43. Kg5 Bg6 44. Kf4 Ne6+ 45. Ke3 d4+ 46. Kd2 Nxc5 47. Rc1 Nd3 48. e6+ Kxf6 49. Rc4 c5 50. b4 b5 0-1

[Event "Dieren op"]
[Site "Dieren"]
[Date "2016.07.26"]
[Round "1"]
[White "Zwirs, Nico"]
[Black "Roorda, Thijs"]
[Result "1-0"]
[WhiteElo "2374"]
[BlackElo "2115"]
[PlyCount "89"]
[EventDate "2016.07.26"]
[EventType "swiss"]
[EventRounds "9"]
[EventCountry "NED"]
[SourceTitle "CBM 173 Extra"]
[Source "ChessBase"]
[SourceDate "2016.08.29"]
[SourceVersion "1"]
[SourceVersionDate "2016.08.29"]
[SourceQuality "1"]

1. Nf3 e6 2. c4 f5 3. d4 Nf6 4. Nc3 Bb4 5. Qb3 Qe7 6. a3 Bxc3+ 7. Qxc3 b6 8. g3 Bb7 9. Bg2 d6 10. 0-0 Nbd7 11. b4 0-0 12. a4 a5 13. b5 Ne4 14. Qc2 e5 15. Bb2 Ng5 16. Nxg5 Bxg2 17. Kxg2 Qxg5 18. dxe5 Nxe5 19. c5 f4 20. cxd6 cxd6 21. Rad1 Rf6 22. Rd5 Raf8 23. Bxe5 dxe5 24. Qe4 fxg3 25. hxg3 Re8 26. Rh1 h6 27. Rh4 Rg6 28. e3 Ree6 29. Rd7 Kh7 30. Rh1 Qg4 31. Qxg4 Rxg4 32. Rh4 Reg6 33. Rxg4 Rxg4 34. f4 exf4 35. exf4 Rg6 36. Kf3 Re6 37. f5 Re1 38. Kf4 Ra1 39. Rd4 Kg8 40. Ke5 Rc1 41. Rd6 Ra1 42. Rxb6 Rxa4 43. Ra6 Kf7 44. Ra7+ Kf8 45. b6 1-0

[Event "Delft Prinsenstad op 9th"]
[Site "Delft"]
[Date "2016.03.26"]
[Round "2"]
[White "Roorda, Thijs"]
[Black "De Jong, Migchiel"]
[Result "0-1"]
[WhiteElo "2125"]
[BlackElo "2336"]
[PlyCount "84"]
[EventDate "2016.03.25"]
[EventType "swiss"]
[EventRounds "6"]
[EventCountry "NED"]
[SourceTitle "CBM 171 Extra"]
[Source "ChessBase"]
[SourceDate "2016.04.26"]
[SourceVersion "1"]
[SourceVersionDate "2016.04.26"]
[SourceQuality "1"]

1. Nf3 Nf6 2. c4 g6 3. Nc3 Bg7 4. e4 0-0 5. d4 c6 6. h3 d5 7. e5 Ne4 8. Bd3 Nxc3 9. bxc3 dxc4 10. Bxc4 c5 11. 0-0 cxd4 12. cxd4 Nc6 13. Rb1 Na5 14. Bd3 Be6 15. Qa4 Bd5 16. Rd1 Rc8 17. Ba3 Nc4 18. Bxc4 Rxc4 19. Qxa7 Qd7 20. Nd2 Ra4 21. Qc5 e6 22. Qd6 Qc8 23. Rbc1 Qa8 24. Rc3 Rd8 25. Qb6 Bxa2 26. Bd6 Bd5 27. Rdc1 Bh6 28. R3c2 Bc6 29. Rb1 Ra6 30. Qb2 b5 31. f3 Be3+ 32. Kh2 Bd5 33. Qc3 Bf4+ 34. g3 Bxd2 35. Qxd2 Bxf3 36. Rf1 Ra1 37. Qf2 Rxf1 38. Qxf1 f5 39. Rf2 Bd5 40. Qxb5 Qa1 41. Qf1 Qxd4 42. Qc1 Qxf2# 0-1

[Event "Dieren op"]
[Site "Dieren"]
[Date "2015.07.25"]
[Round "5"]
[White "Ypma, Peter"]
[Black "Roorda, Thijs"]
[Result "1-0"]
[WhiteElo "2246"]
[BlackElo "2103"]
[PlyCount "143"]
[EventDate "2015.07.21"]
[EventType "swiss"]
[EventRounds "9"]
[EventCountry "NED"]
[SourceTitle "CBM 167 Extra"]
[Source "ChessBase"]
[SourceDate "2015.09.14"]
[SourceVersion "1"]
[SourceVersionDate "2015.09.14"]
[SourceQuality "1"]

1. g3 Nf6 2. Bg2 g6 3. e4 d6 4. d4 Bg7 5. Ne2 c5 6. 0-0 cxd4 7. Nxd4 0-0 8. c4 Qc7 9. b3 Ng4 10. Bb2 Qc5 11. Na3 Nc6 12. Nac2 Nce5 13. h3 Nf6 14. f4 Nc6 15. Kh2 Bd7 16. Rb1 Rad8 17. Re1 Rfe8 18. Nxc6 Bxc6 19. Bd4 Qa5 20. b4 Qxa2 21. Qd3 b5 22. cxb5 Bxb5 23. Qxb5 Qxc2 24. Rbc1 Qa2 25. Re2 Qa3 26. Ra1 Qb3 27. Rb2 Qe6 28. Qd3 Rc8 29. Rxa7 Rc1 30. Bxf6 Bxf6 31. e5 dxe5 32. Bd5 Rc3 33. Qxc3 Qxd5 34. Ra5 exf4 35. Rxd5 Bxc3 36. Rb3 fxg3+ 37. Kxg3 e6 38. Rd7 Be1+ 39. Kf3 Rb8 40. b5 Ba5 41. Ke4 Kf8 42. Kd3 Ke8 43. Rd6 Ke7 44. Rc6 Bb6 45. Kc4 g5 46. Ra3 h5 47. Ra6 Bd8 48. b6 Kd7 49. Kb5 g4 50. Ra7+ Ke8 51. b7 Kd7 52. hxg4 hxg4 53. Rc2 f5 54. Ka6 Bc7 55. Ra8 g3 56. Ka7 Rxb7+ 57. Kxb7 Bd6 58. Rd2 Ke7 59. Kc6 Bb4 60. Rg2 Be1 61. Kc5 f4 62. Re2 Bf2+ 63. Rxf2 gxf2 64. Ra1 Kf6 65. Kd4 Kf5 66. Kd3 Kg4 67. Ke2 Kg3 68. Ra8 f3+ 69. Kf1 e5 70. Rg8+ Kf4 71. Kxf2 e4 72. Re8 1-0

[Event "Leiden SB-chA"]
[Site "Leiden"]
[Date "2014.06.24"]
[Round "7"]
[White "Roorda, Thijs"]
[Black "Van Ketel, Raoul"]
[Result "1-0"]
[WhiteElo "2016"]
[BlackElo "2285"]
[PlyCount "65"]
[EventDate "2014.05.13"]
[EventType "swiss"]
[EventRounds "7"]
[EventCountry "NED"]
[SourceTitle "EXT 2015"]
[Source "ChessBase"]
[SourceDate "2014.11.20"]
[SourceVersion "1"]
[SourceVersionDate "2014.11.20"]
[SourceQuality "1"]

1. e4 e6 2. d4 d5 3. Nd2 Nf6 4. e5 Nfd7 5. Bd3 c5 6. c3 Nc6 7. Ne2 cxd4 8. cxd4 f6 9. exf6 Nxf6 10. 0-0 Bd6 11. Nf3 Qc7 12. Bg5 0-0 13. Rc1 h6 14. Bh4 Nh5 15. Nc3 Bf4 16. Rc2 Qf7 17. Re2 g5 18. Bg3 Qg7 19. Rfe1 Bxg3 20. hxg3 g4 21. Rxe6 Bxe6 22. Rxe6 Rf6 23. Rxf6 Nxf6 24. Nh4 Ne7 25. Nb5 Rd8 26. Qe1 Qf7 27. Qe3 h5 28. Nc7 Ne4 29. Bxe4 dxe4 30. Qg5+ Kh7 31. Qe5 Ng6 32. Qxh5+ Kg8 33. Nxg6 1-0

[Event "Leiden SB-chA"]
[Site "Leiden"]
[Date "2014.06.17"]
[Round "6"]
[White "Straver, Robert"]
[Black "Roorda, Thijs"]
[Result "1-0"]
[WhiteElo "2136"]
[BlackElo "2016"]
[PlyCount "79"]
[EventDate "2014.05.13"]
[EventType "swiss"]
[EventRounds "7"]
[EventCountry "NED"]
[SourceTitle "EXT 2015"]
[Source "ChessBase"]
[SourceDate "2014.11.20"]
[SourceVersion "1"]
[SourceVersionDate "2014.11.20"]
[SourceQuality "1"]

1. e4 c5 2. Nf3 e6 3. Nc3 Nc6 4. d4 cxd4 5. Nxd4 a6 6. Be3 Nf6 7. Qd2 Bb4 8. f3 d5 9. Nxc6 bxc6 10. a3 Qa5 11. Bd3 0-0 12. 0-0 Bc5 13. b4 Bxe3+ 14. Qxe3 Qc7 15. Kh1 a5 16. Qc5 Nd7 17. Qe7 Qe5 18. exd5 Qxc3 19. dxc6 Nf6 20. b5 e5 21. a4 Be6 22. Qa3 Qd4 23. Rfe1 Rfe8 24. Rad1 Qf4 25. Qc5 Bd5 26. Bf1 Qxa4 27. c4 Be6 28. b6 Rac8 29. Rd6 h6 30. b7 Rb8 31. Rxe6 fxe6 32. c7 Nd7 33. cxb8Q Nxc5 34. Qc8 Na6 35. c5 Nb8 36. Bc4 Kf8 37. Bxe6 Qd4 38. Qc7 Rxe6 39. Qxb8+ Re8 40. Qxe8+ 1-0

[Event "Leiden SB-chA"]
[Site "Leiden"]
[Date "2014.06.03"]
[Round "4"]
[White "Van de Peut, Aart A"]
[Black "Roorda, Thijs"]
[Result "0-1"]
[WhiteElo "1911"]
[BlackElo "2016"]
[PlyCount "60"]
[EventDate "2014.05.13"]
[EventType "swiss"]
[EventRounds "7"]
[EventCountry "NED"]
[SourceTitle "EXT 2015"]
[Source "ChessBase"]
[SourceDate "2014.11.20"]
[SourceVersion "1"]
[SourceVersionDate "2014.11.20"]
[SourceQuality "1"]

1. e4 e6 2. d4 d5 3. Nc3 Bb4 4. e5 c5 5. a3 Bxc3+ 6. bxc3 Qc7 7. Qg4 Ne7 8. Qxg7 Rg8 9. Qxh7 cxd4 10. Ne2 dxc3 11. f4 Nbc6 12. Nxc3 a6 13. Qd3 Bd7 14. Rb1 Rc8 15. Ne2 Nf5 16. h3 Na5 17. g4 Ba4 18. c3 Ne7 19. Rb4 Bb5 20. Qd1 Bxe2 21. Bxe2 Qxc3+ 22. Bd2 Qg3+ 23. Kf1 b5 24. a4 Nec6 25. axb5 Nxb4 26. Qa4 Nd3 27. b6+ Nc6 28. Rh2 Qxh2 29. Bxd3 Qxd2 30. Qxa6 Ne7 0-1

[Event "Leiden SB-chA"]
[Site "Leiden"]
[Date "2014.05.27"]
[Round "3"]
[White "Roorda, Thijs"]
[Black "Serdijn, Adinda"]
[Result "1-0"]
[WhiteElo "2016"]
[BlackElo "1989"]
[PlyCount "51"]
[EventDate "2014.05.13"]
[EventType "swiss"]
[EventRounds "7"]
[EventCountry "NED"]
[SourceTitle "EXT 2015"]
[Source "ChessBase"]
[SourceDate "2014.11.20"]
[SourceVersion "1"]
[SourceVersionDate "2014.11.20"]
[SourceQuality "1"]

1. Nf3 d5 2. g3 g6 3. Bg2 Bg7 4. d4 Nf6 5. 0-0 0-0 6. c4 c6 7. Nc3 Bf5 8. Ne5 Nbd7 9. cxd5 cxd5 10. Qb3 Nb6 11. a4 a5 12. Rd1 Ne4 13. Bxe4 dxe4 14. Be3 Nd7 15. Rac1 Nxe5 16. dxe5 Qb8 17. Bd4 Bxe5 18. Nd5 Bd6 19. Rc7 e5 20. Rxb7 Qd8 21. Bb6 Qc8 22. Bc7 Bc5 23. Bxe5 Be6 24. Nf6+ Kg7 25. Ng4+ Kg8 26. Nh6# 1-0

[Event "Delft Prinsenstad op-A 7th"]
[Site "Delft"]
[Date "2014.04.18"]
[Round "1"]
[White "Roorda, Thijs"]
[Black "Van Oosterom, Chiel"]
[Result "1-0"]
[WhiteElo "2082"]
[BlackElo "2392"]
[PlyCount "63"]
[EventDate "2014.04.18"]
[EventType "swiss"]
[EventRounds "6"]
[EventCountry "NED"]
[SourceTitle "CBM 159 Extra"]
[Source "ChessBase"]
[SourceDate "2014.04.24"]
[SourceVersion "1"]
[SourceVersionDate "2014.04.24"]
[SourceQuality "1"]

1. e4 c5 2. Nf3 d6 3. d4 cxd4 4. Nxd4 Nf6 5. Nc3 a6 6. Be3 e6 7. f3 b5 8. Qd2 Nbd7 9. g4 Nb6 10. Qf2 Nfd7 11. a4 b4 12. Nc6 Qc7 13. Nxb4 d5 14. Nd3 Bb7 15. Bg2 Nc4 16. exd5 Nxb2 17. Ne4 Nxd3+ 18. cxd3 Bb4+ 19. Bd2 Bxd2+ 20. Qxd2 exd5 21. Ng3 0-0 22. 0-0 Rac8 23. Nf5 Nc5 24. Rac1 Qd7 25. Qb4 Nxd3 26. Qd4 Qxf5 27. gxf5 Nxc1 28. Qb2 Bc6 29. Rxc1 Bxa4 30. f4 Rcd8 31. Qd4 Bb3 32. f6 1-0

[Event "Leiden Noteboom Memorial 74th"]
[Site "Leiden"]
[Date "2014.03.01"]
[Round "2"]
[White "Roorda, Thijs"]
[Black "Vistisen, Lars"]
[Result "0-1"]
[WhiteElo "2090"]
[BlackElo "2181"]
[PlyCount "70"]
[EventDate "2014.02.28"]
[EventType "swiss"]
[EventRounds "6"]
[EventCountry "NED"]
[SourceTitle "CBM 159 Extra"]
[Source "ChessBase"]
[SourceDate "2014.04.24"]
[SourceVersion "1"]
[SourceVersionDate "2014.04.24"]
[SourceQuality "1"]

1. d4 Nf6 2. Nf3 d6 3. c4 Nbd7 4. Nc3 e5 5. g3 Be7 6. Bg2 c6 7. 0-0 Qc7 8. b4 Nf8 9. Bb2 Ng6 10. Rc1 0-0 11. c5 e4 12. Ne1 d5 13. e3 b5 14. cxb6 Qxb6 15. a3 Ba6 16. Na4 Qc7 17. Nc5 Bxc5 18. Rxc5 Nd7 19. Ra5 Qb7 20. f4 Bxf1 21. Bxf1 Ne7 22. g4 f5 23. g5 Nc8 24. b5 Nd6 25. bxc6 Qxc6 26. Qb3 Nb6 27. Nc2 Ndc4 28. Ra6 Nd2 29. Bb5 Qg6 30. Qa2 Qh5 31. Ne1 Qh3 32. Kf2 Qxh2+ 33. Ng2 Rac8 34. Bc3 Rxc3 35. Qxd2 Rfc8 0-1

[Event "Leiden LCT op-A 7th"]
[Site "Leiden"]
[Date "2013.07.20"]
[Round "8"]
[White "Roorda, Thijs"]
[Black "Wantola, Ivo"]
[Result "1/2-1/2"]
[WhiteElo "2088"]
[BlackElo "2374"]
[PlyCount "110"]
[EventDate "2013.07.12"]
[EventType "swiss"]
[EventRounds "9"]
[EventCountry "NED"]
[SourceTitle "CBM 155 Extra"]
[Source "ChessBase"]
[SourceDate "2013.08.26"]
[SourceVersion "1"]
[SourceVersionDate "2013.08.26"]
[SourceQuality "1"]

1. e4 c5 2. Nf3 g6 3. d4 cxd4 4. Nxd4 Nc6 5. c4 Nf6 6. Nc3 Nxd4 7. Qxd4 d6 8. Be2 Bg7 9. 0-0 0-0 10. Qd1 Be6 11. Be3 Qa5 12. f3 Rfc8 13. Nd5 Nxd5 14. exd5 Bd7 15. Bd4 Bxd4+ 16. Qxd4 b5 17. Rfe1 bxc4 18. Bxc4 Qc5 19. Qxc5 Rxc5 20. Rxe7 Rxc4 21. Rxd7 Re8 22. Rxd6 Re2 23. Kh1 Rcc2 24. Rg1 Rxb2 25. a4 Red2 26. h3 a5 27. Rd8+ Kg7 28. d6 Rb4 29. Ra1 Rbb2 30. d7 Kf6 31. Ra8 Rxd7 32. Rxa5 Rdd2 33. Rb5 Rbc2 34. Rg1 Ra2 35. a5 Rf2 36. Rb6+ Kg5 37. Rb7 Kf6 38. Rb6+ Kg7 39. Ra6 h5 40. Ra8 Kh6 41. Ra7 f6 42. h4 g5 43. hxg5+ Kxg5 44. Rb1 h4 45. Rg7+ Kf5 46. Rb5+ Ke6 47. Rh5 Rf1+ 48. Kh2 Rxf3 49. Rxh4 Rfa3 50. Rb4 Rxa5 51. Rb6+ Ke5 52. Re7+ Kf5 53. Rf7 Kg4 54. Rg7+ Rg5 55. Rxg5+ Kxg5 1/2-1/2

[Event "Leiden SB-ch"]
[Site "Leiden"]
[Date "2013.06.25"]
[Round "6"]
[White "Roorda, Thijs"]
[Black "Hellenberg, Jan Amerik"]
[Result "1-0"]
[WhiteElo "2079"]
[BlackElo "1976"]
[PlyCount "101"]
[EventDate "2013.05.21"]
[EventType "swiss"]
[EventRounds "7"]
[EventCountry "NED"]
[SourceTitle "EXT 2014"]
[Source "ChessBase"]
[SourceDate "2013.11.20"]
[SourceVersion "1"]
[SourceVersionDate "2013.11.20"]
[SourceQuality "1"]

1. d4 d5 2. c4 c6 3. Nf3 Nf6 4. Nc3 a6 5. c5 Bf5 6. Bf4 Nbd7 7. h3 h6 8. e3 e6 9. Bd3 Bxd3 10. Qxd3 Be7 11. b4 0-0 12. g4 Nh7 13. 0-0-0 b6 14. h4 bxc5 15. bxc5 Nhf6 16. Rdg1 e5 17. Nxe5 Nxe5 18. Bxe5 Nd7 19. Bf4 Qa5 20. g5 h5 21. g6 f5 22. Kc2 Ra7 23. Rb1 Qd8 24. Qe2 Nf6 25. Rb6 Qc8 26. Bg5 Qe8 27. Rhb1 Ng4 28. Bf4 Qxg6 29. Nxd5 Bxh4 30. f3 Qe8 31. Rb8 Bd8 32. fxg4 Qe4+ 33. Kc1 Qxd5 34. gxh5 Ba5 35. h6 Rxb8 36. Rxb8+ Kh7 37. hxg7 Qh1+ 38. Qd1 Qxd1+ 39. Kxd1 Rxg7 40. Ra8 Rg2 41. Rxa6 Rxa2 42. Bc7 Ra1+ 43. Kc2 Bc3 44. Rxc6 Be1 45. Bf4 Kg7 46. d5 Kf7 47. Rc7+ Ke8 48. d6 Bh4 49. c6 Ra5 50. Rh7 Bf6 51. d7+ 1-0